<?xml version="1.0" encoding="UTF-8"?>
<record
    xmlns:xsi="http://www.w3.org/2001/XMLSchema-instance"
    xsi:schemaLocation="http://www.loc.gov/MARC21/slim http://www.loc.gov/standards/marcxml/schema/MARC21slim.xsd"
    xmlns="http://www.loc.gov/MARC21/slim">

  <leader>00186nam a2200085   4500</leader>
  <controlfield tag="001">1300996</controlfield>
  <controlfield tag="005">20260423125232.0</controlfield>
  <datafield tag="245" ind1=" " ind2=" ">
    <subfield code="a">MEVLANAYLA B&#x130;R G&#xDC;N</subfield>
    <subfield code="c">MUSTAFA ORAK&#xC7;I</subfield>
  </datafield>
  <datafield tag="260" ind1=" " ind2=" ">
    <subfield code="b">T&#x130;MA&#x15E;</subfield>
  </datafield>
  <datafield tag="999" ind1=" " ind2=" ">
    <subfield code="c">1300996</subfield>
    <subfield code="d">1300996</subfield>
  </datafield>
  <datafield tag="952" ind1=" " ind2=" ">
    <subfield code="0">0</subfield>
    <subfield code="1">0</subfield>
    <subfield code="2">ddc</subfield>
    <subfield code="4">0</subfield>
    <subfield code="7">0</subfield>
    <subfield code="a">1096</subfield>
    <subfield code="b">1096</subfield>
    <subfield code="d">2026-04-23</subfield>
    <subfield code="l">0</subfield>
    <subfield code="p">10966845</subfield>
    <subfield code="r">2026-04-23 12:53:02</subfield>
    <subfield code="w">2026-04-23</subfield>
    <subfield code="y">BK</subfield>
  </datafield>
</record>
